LIBRARY & INFORMATION CENTRE, KCAET, TAVANUR

ONLINE PUBLIC ACCESS CATALOGUE (OPAC)

Building Planning Designing and Scheduling (Record no. 14456)

MARC details
000 -LEADER
fixed length control field 00451nam a22001817a 4500
003 - CONTROL NUMBER IDENTIFIER
control field OSt
008 - FIXED-LENGTH DATA ELEMENTS--GENERAL INFORMATION
fixed length control field 240119b |||||||| |||| 00| 0 eng d
020 ## - INTERNATIONAL STANDARD BOOK NUMBER
ISBN 8180140059
041 ## - LANGUAGE CODE
Language code of text/sound track or separate title eng
082 ## - DEWEY DECIMAL CLASSIFICATION NUMBER
Classification number 690.02
Item number GUR//BU
100 ## - MAIN ENTRY--AUTHOR NAME
Personal name Gurcharan Singh
100 ## - MAIN ENTRY--AUTHOR NAME
Personal name Jagdish Singh
245 ## - TITLE STATEMENT
Title Building Planning Designing and Scheduling
250 ## - EDITION STATEMENT
Edition statement 5 th
260 ## - PUBLICATION, DISTRIBUTION, ETC. (IMPRINT)
Place of publication Delhi
Name of publisher Standard Publishers Distributors
Year of publication 2014
300 ## - PHYSICAL DESCRIPTION
Number of Pages 388
942 ## - ADDED ENTRY ELEMENTS (KOHA)
Koha item type Books
Holdings
Withdrawn status Lost status Damaged status Collection code Home library Current library Shelving location Date acquired Source of acquisition Cost, normal purchase price Full call number Accession Number Koha item type
        KAUAET KAUAET General Stacks 04/07/2016 Aman Book Stall, Calicut 200.00 690.02 GUR//BU 25010 Books
        KAUAET KAUAET General Stacks 04/07/2016 Aman Book Stall, Calicut 200.00 690.02 GUR//BU 25011 Books
free website counter